Text book of hydraulic machines (Record no. 10732)

000 -LEADER
fixed length control field 00441nam a22001817a 4500
001 - CONTROL NUMBER
control field 10732
003 - CONTROL NUMBER IDENTIFIER
control field BD-DhUET
008 - FIXED-LENGTH DATA ELEMENTS--GENERAL INFORMATION
fixed length control field 150209b xxu||||| |||| 00| 0 eng d
040 ## - CATALOGING SOURCE
Transcribing agency 0
Modifying agency BD-DhUET
082 ## - DEWEY DECIMAL CLASSIFICATION NUMBER
Classification number 621.2
Item number KHU/1985
100 ## - MAIN ENTRY--PERSONAL NAME
Personal name Khurmi, R. S.
245 ## - TITLE STATEMENT
Title Text book of hydraulic machines
250 ## - EDITION STATEMENT
Edition statement 14th ed.
260 ## - PUBLICATION, DISTRIBUTION, ETC. (IMPRINT)
Place of publication, distribution, etc. New Delhi
Name of publisher, distributor, etc. S. Chand
Date of publication, distribution, etc. 1985
300 ## - PHYSICAL DESCRIPTION
Extent vii, v.p.
Other physical details ill.
650 #0 - SUBJECT ADDED ENTRY--TOPICAL TERM
Topical term or geographic name as entry element Hydraulic Machines
942 ## - ADDED ENTRY ELEMENTS (KOHA)
Koha item type General Book
Holdings
Shelving location Date acquired Withdrawn status Damaged status Koha full call number Source of classification or shelving scheme Location (home branch) Koha date last seen Lost status Sublocation or collection (holding branch) Piece designation (barcode) Not for loan Koha normalized classification for sorting Copy number Price effective from Koha item type
Circulation section2015-02-09  621.2/KHU/1985 Central Library, BUET2015-02-09 Central Library, BUET64129 621_200000000000000_KHU_198512015-02-09General Book
Circulation section2015-02-09  621.2/KHU/1985 Central Library, BUET2015-02-09 Central Library, BUET64154 621_200000000000000_KHU_198522015-02-09General Book
Circulation section2015-02-09  621.2/KHU/1985 Central Library, BUET2015-02-09 Central Library, BUET64142 621_200000000000000_KHU_198532015-02-09General Book
Circulation section2015-02-09  621.2/KHU/1985 Central Library, BUET2015-02-09 Central Library, BUET56685 621_200000000000000_KHU_198542015-02-09General Book
Circulation section2015-02-09  621.2/KHU/1985 Central Library, BUET2015-06-22 Central Library, BUET64155 621_200000000000000_KHU_198552015-02-09General Book
Circulation section2015-02-09  621.2/KHU/1985 Central Library, BUET2015-02-09 Central Library, BUET64132 621_200000000000000_KHU_198562015-02-09General Book
Circulation section2015-02-09  621.2/KHU/1985 Central Library, BUET2015-02-09 Central Library, BUET64136 621_200000000000000_KHU_198572015-02-09General Book
Circulation section2015-02-09  621.2/KHU/1985 Central Library, BUET2015-02-09 Central Library, BUET64153 621_200000000000000_KHU_198582015-02-09General Book
Circulation section2015-02-09  621.2/KHU/1985 Central Library, BUET2015-02-09 Central Library, BUET64134 621_200000000000000_KHU_198592015-02-09General Book
Circulation section2015-02-09  621.2/KHU/1985 Central Library, BUET2015-02-09 Central Library, BUET64150 621_200000000000000_KHU_1985102015-02-09General Book
Circulation section2015-02-09  621.2/KHU/1985 Central Library, BUET2015-02-09 Central Library, BUET64137 621_200000000000000_KHU_1985112015-02-09General Book
Circulation section2015-02-09  621.2/KHU/1985 Central Library, BUET2015-02-09 Central Library, BUET64139 621_200000000000000_KHU_1985122015-02-09General Book